000 01014cab a2200265 4500
001 ABS44684
008 090401t1991 xxu||||| |||| 00| 0 eng d
035 _a(Sirsi) u48480
041 _aeng
100 _aRennie, C.D.J.
245 _aUse of 3-D distortion nets in structural surveys
260 _c1991
350 _a0
490 _aConstruction Maintenance & Repair
_v5(3) May 1991, 14(3)
520 _aCase study of the use of 3-D distortion nets to survey a Victorian terraced property suffering from settlement . This involves construction of computerised 3-D full perspective models to navigate around and through the structure to view the defects and structural members from any desired view point.
650 _aCOMPUTERS
650 _aDISTORTION NETS
650 _aMEASURED SURVEYS
650 _aPLOWMAN CRAVEN ASSOCIATES
650 _aSTRUCTURAL SURVEYS
690 _aMANAGEMENT-BUSINESS MANAGEMENT-INFORMATION MANAGEMENT
700 _aBarnes, S.
942 _n0
948 _c04/03/1997
999 _c30454
_d30454